Eléments atomiques par symboles - Statistiques

Statistiques générales
  • Ce quiz a été pris 130 fois
  • Le résultat moyen est 40 sur 109
Statistiques - réponses
Numéro atomique Symbole Nom % Correct
26 Fe Fer
100%
1 H Hydrogène
100%
8 O Oxygène
99%
6 C Carbone
97%
2 He Hélium
97%
3 Li Lithium
97%
12 Mg Magnésium
96%
7 N Azote
95%
20 Ca Calcium
95%
13 Al Aluminium
92%
30 Zn Zinc
91%
17 Cl Chlore
89%
29 Cu Cuivre
87%
10 Ne Néon
86%
19 K Potassium
86%
47 Ag Argent
82%
9 F Fluor
82%
16 S Soufre
81%
18 Ar Argon
80%
14 Si Silicium
78%
11 Na Sodium
78%
15 P Phosphore
77%
5 B Bore
72%
22 Ti Titane
70%
4 Be Béryllium
67%
25 Mn Manganèse
67%
35 Br Brome
66%
31 Ga Gallium
65%
36 Kr Krypton
63%
27 Co Cobalt
62%
79 Au Or
62%
24 Cr Chrome
59%
54 Xe Xénon
58%
28 Ni Nickel
57%
33 As Arsenic
52%
92 U Uranium
44%
32 Ge Germanium
43%
53 I Iode
42%
34 Se Sélénium
42%
46 Pd Palladium
41%
37 Rb Rubidium
39%
23 V Vanadium
39%
82 Pb Plomb
38%
21 Sc Scandium
35%
55 Cs Césium
32%
74 W Tungstène
29%
56 Ba Baryum
28%
42 Mo Molybdène
28%
40 Zr Zirconium
28%
50 Sn Etain
27%
38 Sr Strontium
27%
39 Y Yttrium
27%
80 Hg Mercure
25%
78 Pt Platine
25%
51 Sb Antimoine
24%
88 Ra Radium
24%
49 In Indium
23%
94 Pu Plutonium
23%
87 Fr Francium
20%
85 At Astate
19%
84 Po Polonium
19%
45 Rh Rhodium
19%
99 Es Einsteinium
18%
41 Nb Niobium
18%
68 Er Erbium
16%
77 Ir Iridium
16%
52 Te Tellure
16%
63 Eu Europium
15%
57 La Lanthane
15%
86 Rn Radon
15%
95 Am Américium
13%
44 Ru Ruthénium
13%
83 Bi Bismuth
11%
58 Ce Cérium
11%
98 Cf Californium
10%
76 Os Osmium
10%
75 Re Rhénium
10%
96 Cm Curium
9%
101 Md Mendélévium
9%
93 Np Neptunium
9%
104 Rf Rutherfordium
9%
70 Yb Ytterbium
9%
100 Fm Fermium
8%
60 Nd Néodyme
8%
102 No Nobélium
8%
73 Ta Tantale
8%
65 Tb Terbium
8%
89 Ac Actinium
6%
72 Hf Hafnium
6%
59 Pr Praséodyme
6%
61 Pm Promethium
6%
48 Cd Cadium
5%
105 Db Dubnium
5%
64 Gd Gadolinium
5%
67 Ho Holmium
5%
103 Lr Lawrencium
5%
62 Sm Samarium
5%
81 Tl Thallium
5%
90 Th Thorium
5%
69 Tm Thulium
5%
97 Bk Berkélium
4%
107 Bh Bohrium
4%
66 Dy Dysprosium
4%
108 Hs Hassium
4%
109 Mt Meitnérium
3%
91 Pa Protactinium
3%
106 Sg Seaborgium
3%
71 Lu Lutétium
1%
43 Tc Téchtenium
1%
Aucun quiz correspondant
Distribution des résultats
% des personnes avec chaque résultat
Percentile par nombre de réponses
Votre historique - résultats
Vous n’avez pas pris ce quiz